00768nam a2200217Ia 4500001000700000003000500007008004100012010001100053040000900064100002800073245014400101260004100245300002100286502007600307650001300383650002400396650004500420650003100465650002500496650002900521Z_2381CHAP220113s1994 xx 000 0 und d a165438 cCHAP aNavarro Ramírez, Juan aPredicción de valores genéticos para crecimiento predestete en ganado pardo suizo en trópico húmedo /cpor Juan Navarro Ramírez aChapingo, Méx. :bEl autor,c1994 a79 h. : gráfs. aTesis (Ing. Agr. Esp. en Zootecnia) -- UACH. Departamento de Zootecnia aDestete  aGanado Pardo Suizo  aGanado vacunoxEfecto del medio ambiente aGanado vacunoxGenética  aGanado vacunoxPeso  aGanado vacunoxVeracruz